000
00328nam a2200121 a 4500
005
20140414131908.0
008
101006s19uu xx 00 eng d
050
_a
ER
_b
Am1 1998
245
_a
Amy and the special snowflakes.
260
_a
New Jersey :
_b
Grandreams,
_c
1998.
440
_a
Inspirational Board Book
999
_c
111057
_d
111057